[Event "VEN-ch U17 Girls"]
[Site "Caracas"]
[Date "2019.08.07"]
[Round "2"]
[White "Acosta Camarillo, Ana Isabella"]
[Black "Figueredo Graterol, Andrea P"]
[Result "1/2-1/2"]
[WhiteElo "1352"]
[BlackElo "1442"]
[PlyCount "72"]
[EventDate "2019.08.07"]
[EventType "swiss"]
[EventRounds "9"]
[EventCountry "VEN"]
[SourceTitle "EXT 2020"]
[Source "ChessBase"]
[SourceDate "2019.10.17"]
[SourceVersion "1"]
[SourceVersionDate "2019.10.17"]
[SourceQuality "1"]

1. e4 c5 2. Nf3 d6 3. d4 cxd4 4. Nxd4 Nf6 5. Nc3 g6 6. Be2 Bg7 7. h3 Nc6 8. Be3 0-0 9. 0-0 Bd7 10. a3 a6 11. Nxc6 Bxc6 12. Bf3 Rc8 13. Rb1 b5 14. Qd2 Qc7 15. Rfc1 Rfd8 16. Nd5 Qb7 17. Nxf6+ Bxf6 18. Qd3 d5 19. exd5 Bxd5 20. Bxd5 Rxd5 21. Qe2 Bd4 22. Bxd4 Rxd4 23. c3 Rd5 24. Qf3 Rcd8 25. Re1 Qa7 26. Rbd1 Rxd1 27. Rxd1 Rxd1+ 28. Qxd1 Qa8 29. Qd4 f6 30. Qe3 Qd8 31. Qe6+ Kg7 32. Qxa6 Qd1+ 33. Kh2 Qb3 34. Qb7 Kf7 35. Qd7 Qxb2 36. Qd5+ Kg7 1/2-1/2

[Event "VEN-ch U20 Girls"]
[Site "Maracay"]
[Date "2018.05.31"]
[Round "3"]
[White "Ramirez Vergara, Jemmily"]
[Black "Figueredo Graterol, Andrea P"]
[Result "1-0"]
[WhiteElo "1722"]
[BlackElo "1496"]
[PlyCount "53"]
[EventDate "2018.05.31"]
[EventType "swiss"]
[EventRounds "7"]
[EventCountry "VEN"]
[SourceTitle "EXT 2019"]
[Source "ChessBase"]
[SourceDate "2018.10.10"]
[SourceVersion "1"]
[SourceVersionDate "2018.10.10"]
[SourceQuality "1"]

1. b3 Nf6 2. Bb2 g6 3. d3 Bg7 4. e4 d6 5. f4 0-0 6. Nf3 Nbd7 7. Be2 c6 8. h3 Qc7 9. 0-0 d5 10. e5 Nh5 11. Nh4 Ng3 12. Rf3 Nxe2+ 13. Qxe2 Nc5 14. Nd2 Bd7 15. d4 Ne6 16. f5 Ng5 17. Rg3 Bh6 18. Qd3 c5 19. Rf1 Qb6 20. dxc5 Qxc5+ 21. Bd4 Qc6 22. e6 Be8 23. Re1 Rc8 24. c3 Rc7 25. Rg4 Qb5 26. Qg3 f6 27. Qxc7 1-0